000 01163cam a22003377a 4500
003 CHAP
005 20220329140832.0
008 971013s1967 r 00010 d
010 _a58366
011 _a59338
035 _a63496
040 _cCHAP
090 _aFolleto 4181
100 0 0 _aStruzek, Boleslaw.
_9110033
245 1 3 _aLa agricultura y la política agrícola en la República Popular de Polonia
260 _aChapingo, Méx. :
_bENA. Colegio de Postgraduados. Centro de Economía Agrícola,
_c1967
300 _a20 h.
500 _aSeminario de otoño
590 _aBATCH-UPD
_b10
_c20130110
_lUCH01
_h0409
590 _aBATCH-UPD
_b10
_c20130110
_lUCH01
_h2140
590 _aBATCH-UPD
_b10
_c20130410
_lUCH01
_h0043
590 _aBATCH-UPD
_b10
_c20130914
_lUCH01
_h1928
590 _aCONVERSION
_b10
_c20130109
_lUCH01
_h1331
650 1 4 _aAgricultura cooperativa
_xPolonia.
_91983
650 1 4 _aAgricultura
_xPolonia.
_91770
650 1 4 _aPolítica agrícola
_xPolonia.
_990350
901 _aBK
942 _cFOLL
949 _aFolleto 4181
_bBC
_cFOLL
_d-136366
_eTS2
_fc.2
_i63496
_mD
_si
949 _aFolleto 4181
_bBC
_cUACH
_d-136365
_eUACH
_i63496
_mD
_si
999 _c58366
_d58366